| 000 | 00868nam a2200217Ia 4500 | ||
|---|---|---|---|
| 003 | GCL | ||
| 008 | 140319s9999 xx 000 0 ara d | ||
| 020 | _a1310227977 | ||
| 040 |
_aGCL / _cGCL |
||
| 082 | 0 | 4 |
_aق _b351 _bأ و |
| 100 | 1 | _aابوبكر الدسوقى | |
| 245 | 1 | 0 |
_aوزارة التموين والتجارة الداخلية / _cابوبكر الدسوقى |
| 260 |
_aالقاهرة : _bمركز الدراسات السياسية والاستراتيجية - الأهرام ، _c2005 |
||
| 300 |
_a116 سم ؛ _c22 سم |
||
| 490 |
_aسلسلة الوزارات المصرية _v0 |
||
| 650 | 0 | 4 | _aالوزارات - مصر |
| 650 | 0 | 4 | _aوزارة التموين - مصر |
| 650 | 0 | 4 | _aوزارة التموين والتجارة الداخلية - تنظيم وإدارة |
| 650 | 0 | 4 | _aمصر - التجارة الداخلية |
| 942 |
_2ddc _cBK |
||
| 999 |
_c9278 _d9278 |
||